Catálogo

CONTROL DE LAS ACTIVIDADES DEL PERSONAL DE VENTAS : (Registro nro. 21418)

Detalles MARC
000 -LEADER
fixed length control field 00483nam a2200157 a 4500
001 - CONTROL NUMBER
control field 21418
005 - DATE AND TIME OF LATEST TRANSACTION
control field 20180713215144.0
008 - FIXED-LENGTH DATA ELEMENTS--GENERAL INFORMATION
fixed length control field 140415s1948 000 0 spa d
041 ## - LANGUAGE CODE
Language code of text/sound track or separate title spa
082 ## - DEWEY DECIMAL CLASSIFICATION NUMBER
Classification number 658.402
Item number SAY
100 1# - MAIN ENTRY--PERSONAL NAME
Personal name SAYROLS, FRANCISCO
245 10 - TITLE STATEMENT
Title CONTROL DE LAS ACTIVIDADES DEL PERSONAL DE VENTAS :
Remainder of title METODOS PRACTICOS PARA ORGANIZAR Y SUPERVISAR
260 ## - PUBLICATION, DISTRIBUTION, ETC.
Place of publication, distribution, etc. [s.l.] :
Name of publisher, distributor, etc. V. VENERO,
Date of publication, distribution, etc. 1948
300 ## - PHYSICAL DESCRIPTION
Extent 240
650 14 - SUBJECT ADDED ENTRY--TOPICAL TERM
Topical term or geographic name entry element ADMINISTRACION
General subdivision ORGANIZACION
Existencias
Withdrawn status Lost status Source of classification or shelving scheme Damaged status Not for loan Collection code Home library Current library Shelving location Date acquired Source of acquisition Inventory number Total Checkouts Full call number Barcode Date last seen Price effective from Koha item type
    Dewey Decimal Classification     General Biblioteca Karol Wojtyla Biblioteca Karol Wojtyla Sala general 03/12/2013 Compra 151000000000000000014389   658.402 SAY 41708 05/01/2026 03/12/2013 Libro